00545cam a22002171 4500001001300000003000400013005001700017008004100034010001700075035002000092040001800112042001200130050001600142100004700158245002600205260001100231300001800242500001600260600003400276999001700310sa 68002827 DLC20260227112447.0890525s1967 ii 000 0 kano  asa 68002827  a(OCoLC)19766697 aDLCcWaUdDLC apremarc00aPK3659b.R32 aRamachandra Rao, Saligrama Krishna,d1926-10aVālmīki pratibhe. c[1967] a63 p.c16 cm. aIn Kannada.00aVālmīki.tRāmāyaṇa. c79014d79014